000 01020nam a2200301Ia 4500
003 OSt
005 20220918170445.0
006 a|||||r|||| 00| 0
007 ta
008 220917b |||||||| |||| 00| 0 eng d
020 _a9780230363090 (pbk)
_c1998.75
024 _a266,201
037 _b024/2012-13, 12/07/2012, Pioneer Book Distributors
_cTextual
040 _aARTS
_cARTS
_beng
041 _2eng
_aeng
082 _aV1:19, Q2
100 _aMorgenthau Hans J.
_929158
245 0 _aConcept of the political
260 _aNew York
_bPalgrave Macmillan U.S.A
_c2012
300 _ax, 164p.
_ccm.
490 _aPalgrave studies in interational relations
650 _aPOLITICAL SCIENCE
700 _a Behr Hartmut Ed.
_929159
700 _a Rosch Felix Ed.
_929160
700 _a Vidal Maeva Tr.
_929161
942 _hV1:19, Q2
_cTEXL
_2CC
999 _c134222
_d134222